00310nam a22000617a 4500100003400000245015900034260005500193 aWijesinghe, kalani Mananadee  avariation of extraction kinetics of total phenols, flavonoids and the antioxidant activity during brewing of black tea (BOPF)with geographical elevations/ aRajagiriya:bInstitute of chemistry ceylon,c2017.